Building structures (Record no. 105782)
[ view plain ]
| 000 -LEADER | |
|---|---|
| fixed length control field | 01359cam a2200253 4500 |
| 001 - CONTROL NUMBER | |
| control field | ##L134695 |
| 008 - FIXED-LENGTH DATA ELEMENTS--GENERAL INFORMATION | |
| fixed length control field | 060825n2005 000 0 eng u |
| 020 ## - INTERNATIONAL STANDARD BOOK NUMBER | |
| International Standard Book Number | 0415336236 |
| 035 ## - SYSTEM CONTROL NUMBER | |
| System control number | (Sirsi) u134695 |
| 041 0# - LANGUAGE CODE | |
| Language code of text/sound track or separate title | eng |
| 050 04 - LIBRARY OF CONGRESS CALL NUMBER | |
| Classification number | 690 $2 22 |
| 100 1# - MAIN ENTRY--PERSONAL NAME | |
| Personal name | Millais, Malcolm |
| 245 00 - TITLE STATEMENT | |
| Title | Building structures |
| Remainder of title | from concepts to design |
| 250 ## - EDITION STATEMENT | |
| Edition statement | 2nd ed. |
| 260 ## - PUBLICATION, DISTRIBUTION, ETC. | |
| Place of publication, distribution, etc. | London |
| Name of publisher, distributor, etc. | Spon Press |
| Date of publication, distribution, etc. | 2005 |
| 300 ## - PHYSICAL DESCRIPTION | |
| Extent | vii, 423p. |
| Other physical details | ill. |
| Dimensions | 25cm. |
| 350 ## - PRICE (NR) (BK AM CF MU VM SE) [OBSOLETE] | |
| Price | 24.99 |
| 505 #0 - FORMATTED CONTENTS NOTE | |
| Formatted contents note | Loads and load paths -- Internal forces -- Structural element behaviour -- Advanced concepts of stress -- Structural materials -- Safe structures and failure -- Geometry and structural behaviour -- Behaviour of a simple building -- Real structures -- Structural conception -- Structures and built form -- A simple approach to calculations -- The mathematical basis |
| 520 ## - SUMMARY, ETC. | |
| Summary, etc. | Provides a detailed appraisal of the structural behaviour of buildings. Looks at the history of structural understanding; applying the concepts of structural behaviour to simple and real buildings; how the concepts define the design process and inform design choices; the diverging of engineering and architecture; numerical calculations for actual structures; and structural theory. Further reading. |
| 650 #4 - SUBJECT ADDED ENTRY--TOPICAL TERM | |
| Topical term or geographic name entry element | UNITED KINGDOM |
| 690 ## - LOCAL SUBJECT ADDED ENTRY--TOPICAL TERM (OCLC, RLIN) | |
| Topical term or geographic name as entry element | BUILT ENVIRONMENT |
| 942 ## - ADDED ENTRY ELEMENTS (KOHA) | |
| Suppress in OPAC | 0 |
| Withdrawn status | Lost status | Source of classification or shelving scheme | Damaged status | Not for loan | Home library | Current library | Shelving location | Date acquired | Cost, normal purchase price | Total Checkouts | Full call number | Barcode | Date last seen | Date last checked out | Copy number | Cost, replacement price | Price effective from | Koha item type |
|---|---|---|---|---|---|---|---|---|---|---|---|---|---|---|---|---|---|---|
| Dewey Decimal Classification | London | London | Books | 03/10/2006 | 24.99 | 3 | 690 MIL | 30073319 | 06/08/2019 | 24/09/2008 | 1 | 24.99 | 06/08/2019 | Book |